| 000 | 00663nam a2200265 a 4500 | ||
|---|---|---|---|
| 001 | 31942 | ||
| 003 | AR-BaAGN | ||
| 005 | 20231116150742.0 | ||
| 007 | ta | ||
| 008 | 220625s1998 ag |||||r|||| ||||||spa d | ||
| 020 | _a950-557-259-X | ||
| 040 |
_dAR-BaAGN _aAR-BaAGN _bspa _eaacr |
||
| 100 | 1 | _aFloria, Carlos | |
| 245 | 1 | 0 | _aPasiones nacionalistas |
| 250 | _a1ª ed. | ||
| 260 |
_aBuenos Aires : _bFondo de Cultura Económica, _c1998. |
||
| 300 | _a143 páginas | ||
| 336 |
_2rdacontent _btxt |
||
| 337 |
_2rdamedia _bn |
||
| 338 |
_2rdacarrier _bnc |
||
| 650 | 4 |
_aNACIONALISMO _91082 |
|
| 650 | 4 |
_aPOLÍTICA _92164 |
|
| 942 | _cLIBRO | ||
| 999 |
_c31942 _d31942 |
||